Sane society (Record no. 356868)

MARC details
000 -LEADER
fixed length control field 003520000a22001450004500
060 ## - NATIONAL LIBRARY OF MEDICINE CALL NUMBER
Classification number 100
082 ## - DEWEY DECIMAL CLASSIFICATION NUMBER
Classification number 301 FRO
100 ## - MAIN ENTRY--PERSONAL NAME
Personal name Froman, Erich
245 ## - TITLE STATEMENT
Title Sane society
260 ## - PUBLICATION, DISTRIBUTION, ETC. (IMPRINT)
Place of publication, distribution, etc. Newyork, Holt Rinehart and Winston Inc
260 ## - PUBLICATION, DISTRIBUTION, ETC. (IMPRINT)
Date of publication, distribution, etc. 1955
300 ## - PHYSICAL DESCRIPTION
Extent 370
650 ## - SUBJECT ADDED ENTRY--TOPICAL TERM
Topical term or geographic name as entry element Sane society/ society - sociology/ mental health - sociology
942 ## - ADDED ENTRY ELEMENTS (KOHA)
Koha item type Books (General)
Holdings
Withdrawn status Lost status Damaged status Not for loan Home library Current library Date acquired Total Checkouts Full call number Barcode Date last seen Price effective from Koha item type
        College of Agriculture, Vellayani College of Agriculture, Vellayani 02/05/2014   301 FRO KAU_COAV-4631 02/05/2014 02/05/2014 Books (General)
Kerala Agricultural University Central Library
Thrissur-(Dt.), Kerala Pin:- 680656, India
Ph : (+91)(487) 2372219
E-mail: librarian@kau.in
Website: http://library.kau.in/